000 00666nam a22002177a 4500
003 UA-OsUOA
001 108483
007 ta
008 20141021b un ||||| |||| 00| 0 ukr d
100 _aСідельнікова Л.П.
090 _a330(477)
_bС41
942 _cSA
040 _aUA-OsUOA
_bukr
_cUA-OsUOA
_dUA-OsUOA
245 _aРозбудова бюджетних ресурсів у контексті еволюції державотворення
300 _aС.70-85
955 _a0
041 _aukr
080 _a330(477)
773 0 _w108477
_tФінанси України
_dК.
_d2014
_g8
650 7 _a330 Економіка взагалі
_2UDC
999 _c394377
_d394377